MARC

LEADER 00000nam0a2200000 4500
001 267278
005 20231101234053.0
020 |a RU  |b 87-17065 
035 |a (RuTPU)RU\TPU\book\290334 
090 |a 267278 
100 |a 20140725d1987 km y0rusy5003 ca 
101 0 |a rus 
102 |a RU 
105 |a a z 001zy 
200 1 |a Введение в технику измерений оптико-физических параметров световодных систем  |f под ред. А.Ф. Котюка 
210 |a Москва  |c Радио и связь  |d 1987 
215 |a 224 с.  |c ил.  |d 22 см 
320 |a Библиогр.: с. 217-224 (158 назв.). 
606 1 |a Световоды  |x Физика  |2 stltpush  |3 (RuTPU)RU\TPU\subj\54153  |9 72312 
610 1 |a информация 
610 1 |a передача 
610 1 |a рефлектометрия 
610 1 |a конструктивные параметры 
610 1 |a геометрические параметры 
610 1 |a излучение 
610 1 |a распространение 
610 1 |a излучающие устройства 
610 1 |a приемные преобразователи 
610 1 |a параметры 
610 1 |a измерение 
610 1 |a метрологическое обеспечение 
675 |a 681.7.068  |z rus  |v 3 
702 1 |a Котюк  |b А.Ф.  |g Андрей Федорович  |4 340 
801 0 |a RU  |b RuMRKP  |c 19950417  |g psbo 
801 1 |a RU  |b 63413507  |c 20140725 
801 2 |a RU  |b 63413507  |c 20151111  |g RCR 
942 |c BK